000 00837nam a2200241Ia 4500
003 OSt
005 20220926021547.0
006 a|||||r|||| 00| 0
007 ta
008 220923b |||||||| |||| 00| 0 eng d
037 _cGeneral Book
040 _aRTL
_cRTL
_beng
041 _2eng
_aeng
082 _aSigma.49M.N99, N9
110 _aUnited Nations, Government Of .... Economic And Social Commission For Western Asia
_9326438
245 0 _aESCWA region, twenty five years 1974-1999
_b Politi
260 _aNew York
_bUnited Nation U S A
_c1999
300 _a198p. Bib p. 193-98
_ccm.
650 _aSocial Science
_911018
700 _aUnited Nations, Government Of .... Economic And Social Commission For Western Asia
_9326439
942 _hSigma.49M.N99, N9
_cGB
_2CC
999 _c637118
_d637118